000 00510nam a2200181Ia 4500
999 _c19173
_d19173
003 OSt
005 20200706101945.0
008 190216s9999||||xx |||||||||||||| ||und||
020 _a0198217021
040 _coclc
082 _a942.06
_bCLA/L
100 _aClark, George
_93536
245 4 _aThe Later Stuarts 1660-1714 /
_cGeorge Clark
250 _a2nd Ed.
260 _bOxford University Press,
_aLondon:
_c1976.
300 _a479p
942 _cBK
_2ddc
_h942.06
_iCLA/L
_k942.06
_mCLA/L